Centroamérica: estadística de granos básicos

Sin resumen

Salvato in:
Dettagli Bibliografici
Ente Autore: SIECA. Comisión Coordinadora de Mercadeo y Estabilización de Precios
Natura: testo
Pubblicazione: Guatemala: SIECA
Soggetti:
Tags: Aggiungi Tag
Nessun Tag, puoi essere il primo ad aggiungerne!!

MARC

LEADER 00000 a a2200000 04500
001 19680
003
040
090 |a 078700  
110 |a SIECA. Comisión Coordinadora de Mercadeo y Estabilización de Precios  
245 |a Centroamérica: estadística de granos básicos  
260 |a Guatemala:   |b SIECA  
300 |a 77 p.  
520 |a Sin resumen  
650 |a ESTADISTICA  
650 |a ARROZ  
650 |a MAIZ  
650 |a ZORGO  
650 |a FRIJOLES  
650 |a TRIGO  
999 |c 5369  |d 5369